01039nam a2200253Ia 4500003000900000008004100009020001800050040001600068080002100084111009400105245017700199260004200376300001300418490006300431500002600494650001800520650004100538650002500579650002700604700003500631942000700666999001500673952009700688IN-BaIIA211028s9999 xx 000 0 eng d a90-277-1159-3 cIIA Library a063:52bIAU-T17B aInternational Astronomical Union General Assemblyn17thcCanadad1979 Aug. 14 - 23912743 0aHighlights of astronomybproceedings of the 17th General Assembly Montreal, Canada, August 14 - 23, 1979cedited by Patrick A. Wayman  aDordrechtbD. Reidel Publishingc1980 ax, 527p. aTransactions of the International Astronomical Union; v. X aDonated by Mrs. Bappu aAstronomy980 aAstronomy and Astrophysics Thesaurus aIAU General Assembly aIAU Transactions95483 aWayman, Patrick A., ed.911717 cBK c7477d7477 00104070aBANbBANcGENd1983-07-13l0o063:52/ IAU-T17Bp8289r2021-11-05w1983-07-13yBK